Saline agriculture : Salt-Tolerant plants for development countries

Spremljeno u:
Bibliografski detalji
Format: Knjiga
Jezik:Undetermined
Izdano: Washington, DC. National Academy 1990
Teme:
Oznake: Dodaj oznaku
Bez oznaka, Budi prvi tko označuje ovaj zapis!
Thư viện lưu trữ: Trung tâm Học liệu Trường Đại học Cần Thơ
LEADER 00652nam a2200193Ia 4500
001 CTU_156837
008 210402s9999 xx 000 0 und d
020 |c 18 
082 |a 631.4 
082 |b S165 
245 0 |a Saline agriculture : 
245 0 |b Salt-Tolerant plants for development countries 
260 |a Washington, DC. 
260 |b National Academy 
260 |c 1990 
650 |a Salt-tolerant crops,Halophytes,Biosaline resources,Agriculture,Cây ngập mặn,Nông nghiệp 
650 |x Developing countries,Các nước đang phát triển 
904 |i QHieu 
980 |a Trung tâm Học liệu Trường Đại học Cần Thơ